Del abuso de los derechos y otros ensayos /

Bibliographic Details
Main Author: Josserand, Louis, 1868-1941 (Author)
Format: Electronic eBook
Language:Spanish
Published: Santiago, Chile : Bogotá, Colombia : Ediciones Olejnik ; Editorial Temis, [2018]
Series:Biblioteca de filosofía del derecho.
Subjects:
Online Access:Digitalia Hispánica

MARC

LEADER 00000nam a2200000Ii 4500
001 DIGOLEJNK0373
003 NyNyDIG
006 m o d
007 cr |||||||||||
008 220602s2018 cl o 000 0 spa d
035 |a (OCoLC)1335134664 
040 |a DGITA  |b eng  |e rda  |e pn  |c DGITA 
020 |z 9789563920468 
050 1 4 |a K579.A27 ebook 
100 1 |a Josserand, Louis,  |d 1868-1941,  |e author. 
245 1 0 |a Del abuso de los derechos y otros ensayos /  |c Louis Josserand. 
264 1 |a Santiago, Chile :  |b Ediciones Olejnik ;  |a Bogotá, Colombia :  |b Editorial Temis,  |c [2018] 
300 |a 1 online resource. 
336 |a text  |b txt  |2 rdacontent 
337 |a computer  |b c  |2 rdamedia 
338 |a online resource  |b cr  |2 rdacarrier 
347 |a text file  |2 rdaft 
347 |b PDF 
490 1 |a Biblioteca de filosofía del derecho 
588 0 |a Online resource; title from PDF title page (Digitalia, viewed June 2, 2022) 
650 0 |a Abuse of rights. 
650 0 |a Liability (Law) 
655 0 |a Electronic books. 
791 2 |a Digitalia (Firm),  |e distributor. 
793 0 |g Digitalia eBook Collection:  |a Ediciones Olejnik 
776 0 8 |i Print version:  |a Josserand, Louis, 1868-1941.  |t Del abuso de los derechos y otros ensayos.  |d Santiago, Chile : Ediciones Olejnik ; Bogotá, Colombia : Editorial Temis, 2018  |z 9789563920468 
830 0 |a Biblioteca de filosofía del derecho. 
856 4 0 |3 Digitalia Hispánica  |u https://www.digitaliapublishing.com/a/105097/ 
910 |a Premium collection: 2022